00972cam a2200265 a 4500001001000000003000600010005001700016008004100033035003500074040004500109082001900154100002900173245007300202260003300275300002800308500003500336504003400371600004200405651003400447700004200481910003400523049000900557952012300566999001700689000017573UkOxU20200929165145.0500101s1964 sp a b 000 0bspa d aOCLC ocm00708722 from D950123M aDO-SdBNPbspacKSUdSERdUKMdEQOdBNPHU a923.144bA823d1 aAshcroft, Edward.93833910aDe Gaulle /cEdward Ashcroft ; traducción Rafael Vázquez Zamora. aBarcelona :bDestino,c1964. a326 p. :bil. ;c22 cm. aIncluye índice onomástico. aBibliografía: p. [315]-317.10aGaulle, Charles de,d1890-1970938340 0aFrancexHistoryy1945-9383411 aVázquez Zamora, Rafael,etr.938342 aCatalogación por copia / LC aBNGR 001054708MOaGRbGRcCTd2010-03-26iLF1l0o923.144 A823dp17573-10r2020-06-25w2020-06-25y4ZPréstamo en sala c17098d17098